|
|
|
|
| LEADER |
00000Cam#a2200000#a#4500 |
| 001 |
022509 |
| 005 |
20160721160239.0 |
| 008 |
110314s2010||||ag # f## #000|0#spa#d |
| 020 |
|
|
|a 9789871543588
|
| 040 |
|
|
|a AR-BeUNQ
|
| 082 |
0 |
4 |
|a 378
|2 21
|
| 100 |
1 |
|
|a Mollis, Marcela
|
| 245 |
0 |
2 |
|a Políticas de posgrado y conocimiento público en América latina y el Caribe :
|b desafíos y perspectivas
|c Marcelo Mollis, Jorge Núñez Jover, Carmen García Guadilla.
|
| 260 |
|
|
|a Buenos Aires :
|b Consejo Latinoamericano de Ciencias Sociales - CLACSO,
|c 2010.
|
| 300 |
|
|
|a 164 p. ;
|c 20 cm.
|
| 490 |
1 |
|
|a Red CLACSO de Posgrados
|
| 504 |
|
|
|a Incluye bibliografía.
|
| 650 |
|
7 |
|a Enseñanza superior
|2 spines
|
| 650 |
|
7 |
|a Política educativa
|2 spines
|
| 650 |
|
7 |
|a Conocimiento académico
|2 spines
|
| 651 |
|
7 |
|a América latina
|2 toit
|
| 700 |
1 |
|
|a Nuñez Jover, Jorge
|
| 700 |
1 |
|
|a García Guadilla, Carmen
|
| 830 |
|
0 |
|a Red CLACSO de Posgrados (Consejo Latinoamericano de Ciencias Sociales).
|
| 929 |
|
|
|a DONACION
|b CLACSO
|d 0,00
|e 20110304
|f PAT0036904
|g 1758 Exp. 827-0387/98
|j 46032
|
| 942 |
|
|
|c LIB
|n 0
|
| 999 |
|
|
|c 21573
|d 96960
|